Orientación educativa: teoría, evaluación e intervención
Tallennettuna:
| Päätekijä: | |
|---|---|
| Aineistotyyppi: | Kirja |
| Kieli: | espanja |
| Julkaistu: |
Madrid
Síntesis Psicología
1997
|
| Sarja: | Colección Personalidad, Evaluación y Tratamiento Psicológico, 4
|
| Aiheet: | |
| Tagit: |
Lisää tagi
Ei tageja, Lisää ensimmäinen tagi!
|
MARC
| LEADER | 00000nam a2200000 a 4500 | ||
|---|---|---|---|
| 001 | UCP2458 | ||
| 003 | CL-VaPUC | ||
| 008 | 990514e19970000SP |||||||||||||||||spa|d | ||
| 082 | 0 | 4 | |a 371.42 |b ALO |2 21 |
| 100 | 0 | |a Alonso Tapia, Jesús |e author |9 429214 | |
| 245 | 1 | 0 | |a Orientación educativa: teoría, evaluación e intervención |
| 300 | |a 422 p | ||
| 942 | |c BK | ||
| 945 | |d 19990514 00:00:00 |a rbrito | ||
| 260 | |a Madrid |b Síntesis Psicología |c 1997 | ||
| 650 | 7 | |a ORIENTACION EDUCATIVA |2 CL-VaPUC |9 405690 | |
| 650 | 0 | |a Orientación vocacional |9 255692 | |
| 650 | 7 | |a ORIENTADORES |2 CL-VaPUC |9 407371 | |
| 583 | |a last modification |c 19990514 00:00:00 |k Rodrigo Vera | ||
| 490 | 0 | |a Colección Personalidad, Evaluación y Tratamiento Psicológico, 4 | |
| 999 | |c 280984 |d 280982 | ||
| 952 | |0 0 |1 0 |4 0 |6 371_420000000000000_ALO_1997 |7 0 |8 A |9 321545 |a BIBEDU |b BIBEDU |d 2019-11-20 |i 3521532 |o 371.42 ALO 1997 |p 3521532 |r 2019-11-20 |w 2019-11-20 |y BK |k EPE | ||
| 952 | |0 0 |1 0 |4 0 |6 371_420000000000000_ALO_1997 |7 0 |8 A |9 321546 |a BIBEDU |b BIBEDU |d 2019-11-20 |i 4633741 |o 371.42 ALO 1997 |p 4633741 |r 2019-11-20 |w 2019-11-20 |y BK |k EPE | ||